000 00432nam a22001457a 4500
005 20180529145435.0
008 180529b xxu||||| |||| 00| 0 eng d
020 _a81-7520-146-0
041 _aeng
100 _aSINGH, YOUD VIR, AND OTHERS
_94312
245 _aBIBLIOGRAPHY OF DOCTORAL DISSERTATIONS SCIENCES AND TECHNOLOGY-2016- 2016
260 _aNEW DELHI
_bASSOCIATION OF INDIAN UNIVERSITY
_c2017
300 _a244P,
942 _cBK
999 _c5691
_d5689